Client-led strategies for construction supply chain improvement (Record no. 74329)
[ view plain ]
| 000 -LEADER | |
|---|---|
| fixed length control field | 01577cab a2200253 4500 |
| 001 - CONTROL NUMBER | |
| control field | ABS67585 |
| 008 - FIXED-LENGTH DATA ELEMENTS--GENERAL INFORMATION | |
| fixed length control field | 040330n2004 000 0 eng u |
| 035 ## - SYSTEM CONTROL NUMBER | |
| System control number | (Sirsi) u125681 |
| 100 ## - MAIN ENTRY--PERSONAL NAME | |
| Personal name | Briscoe, G. |
| 245 ## - TITLE STATEMENT | |
| Title | Client-led strategies for construction supply chain improvement |
| 260 ## - PUBLICATION, DISTRIBUTION, ETC. | |
| Date of publication, distribution, etc. | 2004 |
| 490 ## - SERIES STATEMENT | |
| Series statement | Construction Management and Economics |
| Volume/sequential designation | 22(2) February 2004, 193-201(9) |
| 520 ## - SUMMARY, ETC. | |
| Summary, etc. | Recent research into the UK construction industry has identified various drivers for change including the need for better client leadership. The aim of this research was to examine the role of the client in securing a greater degree of supply chain integration. It used three diverse case studies to examine the association between clients: the environmental factors that affect their businesses; the procurement decisions made;and the level of supply chain integration that can be achieved. The results of this research provide independent empirical support for some of the recommendations of the recently released "Accelerating change" (ISBN 1898671281) and some practical amplification. Clients are shown to be key drivers of performance improvement and innovation and are the most significant factor in achieving integration in the supply chain. Tables, diagrams and references. [Taken from journal abstract]. |
| 590 ## - LOCAL NOTE (RLIN) | |
| Local note | ABS |
| 650 ## - SUBJECT ADDED ENTRY--TOPICAL TERM | |
| Topical term or geographic name entry element | SUPPLY CHAIN |
| 650 ## - SUBJECT ADDED ENTRY--TOPICAL TERM | |
| Topical term or geographic name entry element | ACCELERATING CHANGE |
| 650 ## - SUBJECT ADDED ENTRY--TOPICAL TERM | |
| Topical term or geographic name entry element | CLIENTS |
| 650 ## - SUBJECT ADDED ENTRY--TOPICAL TERM | |
| Topical term or geographic name entry element | INTEGRATION |
| 690 ## - LOCAL SUBJECT ADDED ENTRY--TOPICAL TERM (OCLC, RLIN) | |
| Topical term or geographic name as entry element | Procurement |
| 9 (RLIN) | 6260 |
| 700 ## - ADDED ENTRY--PERSONAL NAME | |
| Personal name | Dainty, A. |
| 700 ## - ADDED ENTRY--PERSONAL NAME | |
| Personal name | Millett, S. |
| 700 ## - ADDED ENTRY--PERSONAL NAME | |
| Personal name | Neale, R. |
| 942 ## - ADDED ENTRY ELEMENTS (KOHA) | |
| Suppress in OPAC | 0 |
| Withdrawn status | Lost status | Source of classification or shelving scheme | Damaged status | Not for loan | Home library | Current library | Shelving location | Date acquired | Total Checkouts | Full call number | Barcode | Date last seen | Copy number | Price effective from | Koha item type |
|---|---|---|---|---|---|---|---|---|---|---|---|---|---|---|---|
| Dewey Decimal Classification | London | London | Journal article | 30/03/2004 | ABS67585 | 125681-1001 | 06/08/2019 | 1 | 06/08/2019 | Journal article |